[Event "4ème Open des Basses Vallées Angevines"]
[Site "Cantenay-Epinard"]
[Date "2015.12.19"]
[Round "1.26"]
[White "Bobard, Antonin"]
[Black "Lepretre, Ludovic"]
[Result "1-0"]
[WhiteElo "1326"]
[BlackElo "1115"]
[PlyCount "103"]
[EventDate "2015.12.??"]
[EventRounds "5"]
[WhiteTeam "La Cavale du Fou"]
[BlackTeam "La Cavale du Fou"]

1. c4 e5 2. Nc3 Nf6 3. g3 Bc5 4. Bg2 c6 5. Nf3 d6 6. d4 Bxd4 7. Nxd4 Bd7 8. Nf3
e4 9. Ng5 O-O 10. Ngxe4 Nxe4 11. Nxe4 Qa5+ 12. Bd2 Qb6 13. b3 Qd4 14. Bc3 Qxd1+
15. Rxd1 Na6 16. Rxd6 Rad8 17. O-O Bf5 18. Rfd1 Rxd6 19. Rxd6 h6 20. b4 Nc7 21.
Nc5 Ne8 22. Rd8 Nc7 23. Rxf8+ Kxf8 24. Nxb7 Bb1 25. a3 Ba2 26. Bxc6 Bxc4 27.
Be5 Ne6 28. Bd6+ Kg8 29. e3 Ng5 30. Kg2 Be6 31. f4 Bh3+ 32. Kf2 Ne6 33. Nc5 Nd8
34. Ba4 g6 35. Bc7 Ne6 36. Nxe6 Bxe6 37. Bb8 a6 38. b5 axb5 39. Bxb5 Bc8 40. a4
Kg7 41. e4 Bb7 42. Ke3 Kf6 43. Be5+ Ke6 44. a5 f6 45. Bc7 Ke7 46. a6 Ba8 47. a7
h5 48. h4 Ke6 49. Bb8 Kf7 50. Bc4+ Kg7 51. Bd5 Bxd5 52. exd5 1-0

[Event "4ème Open des Basses Vallées Angevines"]
[Site "Cantenay-Epinard"]
[Date "2015.12.19"]
[Round "1.27"]
[White "Chauveau, Theo"]
[Black "Garcion, Ilan"]
[Result "0-1"]
[WhiteElo "1099"]
[BlackElo "1310"]
[PlyCount "58"]
[EventDate "2015.12.??"]
[EventRounds "5"]
[WhiteTeam "La Cavale du Fou"]
[BlackTeam "L'Echiquier Angevin"]

1. e4 Nf6 2. Nc3 d6 3. d4 Nc6 4. d5 Ne5 5. Bb5+ Bd7 6. Qd4 Bxb5 7. Nxb5 c6 8.
dxc6 Nxc6 9. Qa4 g6 10. Bf4 Bg7 11. O-O-O O-O 12. Nf3 Qb6 13. Ng5 Qxf2 14. Rhf1
Qxg2 15. Nc7 Rac8 16. e5 Rxc7 17. exd6 exd6 18. Bxd6 Qxg5+ 19. Kb1 Rfc8 20.
Bxc7 Rxc7 21. Rd8+ Nxd8 22. Qxa7 Qg2 23. Rc1 Bh6 24. Qb8 Rd7 25. Qc8 Bxc1 26.
a3 Rd1 27. Qc3 Bd2+ 28. Ka2 Bxc3 29. bxc3 Qxc2# 0-1

[Event "4ème Open des Basses Vallées Angevines"]
[Site "Cantenay-Epinard"]
[Date "2015.12.19"]
[Round "1.28"]
[White "Sonzogni, Michel"]
[Black "Legeay, Julie"]
[Result "1-0"]
[WhiteElo "1306"]
[BlackElo "1096"]
[PlyCount "65"]
[EventDate "2015.12.??"]
[EventRounds "5"]
[WhiteTeam "L'Echiquier Angevin"]
[BlackTeam "Club d'Echecs de la Bruffière"]

1. d4 d6 2. Nf3 Nf6 3. b3 g6 4. Nbd2 Bg7 5. Bb2 O-O 6. e3 c5 7. c3 cxd4 8. cxd4
Nc6 9. Be2 Rb8 10. O-O b5 11. a3 a5 12. Rc1 Bd7 13. Re1 Nd5 14. Rc2 a4 15. b4
Qb6 16. Qa1 Be6 17. Bf1 Nc7 18. e4 d5 19. Rec1 Bd7 20. Rc5 e6 21. Ne5 Bxe5 22.
dxe5 dxe4 23. Nxe4 Kg7 24. Nf6 Rfd8 25. Nxd7 Rxd7 26. Rxc6 Qa7 27. R1c2 Nd5 28.
Qc1 Ne7 29. Rc7 Rxc7 30. Rxc7 Rb7 31. Rc5 Qa6 32. Qg5 Kf8 33. Bd4 1-0

[Event "4ème Open des Basses Vallées Angevines"]
[Site "Cantenay-Epinard"]
[Date "2015.12.19"]
[Round "2.1"]
[White "Peric, Slavisa"]
[Black "Chapelain, Florent"]
[Result "1-0"]
[WhiteElo "2183"]
[BlackElo "1846"]
[PlyCount "71"]
[EventDate "2015.12.??"]
[EventRounds "5"]
[WhiteTeam "CE Vitrolles"]
[BlackTeam "Echecs-Passion Yffiniac"]

1. d4 f5 2. g3 Nf6 3. Bg2 e6 4. c4 Bb4+ 5. Bd2 Bxd2+ 6. Qxd2 Ne4 7. Qe3 d5 8.
cxd5 exd5 9. f3 Qg5 10. Qxg5 Nxg5 11. Nc3 c6 12. e3 O-O 13. h4 Nf7 14. Nh3 b6
15. O-O-O Re8 16. Rhe1 b5 17. Nf2 b4 18. Na4 Na6 19. e4 Be6 20. Kb1 Nd6 21. Rc1
Rac8 22. Bf1 Nc4 23. Rcd1 Rf8 24. e5 Rb8 25. b3 Na3+ 26. Kb2 Nb5 27. Rc1 Rfc8
28. Nd3 Nxd4 29. Nf4 Nc7 30. Red1 Nxf3 31. Rxc6 Bd7 32. Rc5 Bxa4 33. bxa4 Nxe5
34. Rdc1 Re8 35. Rxc7 h6 36. Nxd5 1-0

[Event "4ème Open des Basses Vallées Angevines"]
[Site "Cantenay-Epinard"]
[Date "2015.12.19"]
[Round "2.2"]
[White "Patarin, Arnaud"]
[Black "Salles, Louis"]
[Result "0-1"]
[WhiteElo "1823"]
[BlackElo "2166"]
[PlyCount "86"]
[EventDate "2015.12.??"]
[EventRounds "5"]
[WhiteTeam "Club d'Echecs d'Avoine"]
[BlackTeam "Echiquier Tourangeau"]

1. c4 Nf6 2. g3 g6 3. Bg2 Bg7 4. Nc3 O-O 5. e3 d6 6. Nge2 e5 7. O-O Qe7 8. d4
e4 9. b4 Re8 10. Bb2 h5 11. h3 Bf5 12. b5 Nbd7 13. Rc1 Nf8 14. Nf4 c6 15. bxc6
bxc6 16. Ba3 Qd7 17. Kh2 N8h7 18. Nfe2 Ng5 19. Ng1 Bh6 20. Nce2 Kg7 21. d5 c5
22. Bb2 Ngh7 23. Nf4 Rh8 24. h4 Kg8 25. Bh3 Bg7 26. Ba1 Ng4+ 27. Kg2 Bxa1 28.
Rxa1 Ne5 29. Bxf5 Qxf5 30. Qb3 Kg7 31. Rab1 Nf6 32. Ngh3 Nf3 33. Qc3 Rab8 34.
Rb2 Qe5 35. Qxe5 dxe5 36. Rxb8 Rxb8 37. Nd3 exd3 38. Kxf3 Rb4 39. Ng5 Rxc4 40.
e4 Rc2 41. Rd1 c4 42. Kg2 d2 43. Kf1 c3 0-1

[Event "4ème Open des Basses Vallées Angevines"]
[Site "Cantenay-Epinard"]
[Date "2015.12.19"]
[Round "2.3"]
[White "Batteux, Mickael"]
[Black "Aumont, Eric"]
[Result "1/2-1/2"]
[WhiteElo "2104"]
[BlackElo "1699"]
[PlyCount "137"]
[EventDate "2015.12.??"]
[EventRounds "5"]
[WhiteTeam "Fillé sur Sarthe"]
[BlackTeam "La Cavale du Fou"]

1. d4 d5 2. Nf3 Nf6 3. c4 c6 4. Nc3 e6 5. g3 Nbd7 6. cxd5 exd5 7. Bg2 Bd6 8.
O-O O-O 9. Qc2 Re8 10. Bg5 Nf8 11. Rad1 h6 12. Bc1 Ng6 13. Rfe1 Bg4 14. h3 Bd7
15. e4 dxe4 16. Nxe4 Bb4 17. Bd2 Bxd2 18. Nexd2 Be6 19. Nc4 Nd5 20. a3 Nge7 21.
Nfe5 Bf5 22. Qb3 Qc7 23. Rc1 Be6 24. Qc2 Bf5 25. Qd2 f6 26. Nd3 Rad8 27. Nc5
Nb6 28. Ne3 Bc8 29. Qc3 Kh8 30. Rcd1 Ned5 31. Nxd5 Nxd5 32. Bxd5 cxd5 33. Kg2
b6 34. Nd3 Qd7 35. h4 Re4 36. Rxe4 dxe4 37. Nf4 g5 38. hxg5 fxg5 39. d5+ Qg7
40. Qxg7+ Kxg7 41. Nh3 Be6 42. d6 Kf6 43. Ng1 Ke5 44. Re1 Kxd6 45. Ne2 Re8 46.
Nc3 Kc6 47. Nxe4 Bd5 48. f3 Bxe4 49. fxe4 Kd6 50. Kf3 Ke5 51. Rd1 Rf8+ 52. Ke3
g4 53. Rd5+ Ke6 54. Rh5 Rf6 55. Kd4 Kf7 56. e5 Rf3 57. Rxh6 Rxg3 58. Ke4 Rb3
59. Kf5 g3 60. e6+ Ke7 61. Rh7+ Kd6 62. Rd7+ Kc6 63. Rd2 Re3 64. Kf6 Rf3+ 65.
Kg7 Re3 66. Kf7 Rf3+ 67. Kg7 Re3 68. Kf7 Rf3+ 69. Kg6 1/2-1/2

[Event "4ème Open des Basses Vallées Angevines"]
[Site "Cantenay-Epinard"]
[Date "2015.12.19"]
[Round "2.4"]
[White "Boulart, Emilie"]
[Black "Julien, Jules-Alois"]
[Result "0-1"]
[WhiteElo "1545"]
[BlackElo "2022"]
[PlyCount "56"]
[EventDate "2015.12.??"]
[EventRounds "5"]
[WhiteTeam "Carquefou Echecs"]
[BlackTeam "Club d'Echecs de la Bruffière"]

1. e4 c5 2. c3 Nf6 3. e5 Nd5 4. d4 cxd4 5. cxd4 Nc6 6. Nf3 d6 7. Bc4 Nb6 8. Bb3
d5 9. Nc3 Bg4 10. Be3 e6 11. O-O Be7 12. h3 Bh5 13. Qe2 Rc8 14. Bd1 O-O 15. Qc2
a6 16. Nh2 Bg6 17. Qe2 f6 18. f4 Nc4 19. b3 Nxe3 20. Qxe3 Nxd4 21. Na4 Nf5 22.
Qf2 b5 23. Qb6 Bc5+ 24. Qxc5 Rxc5 25. Nxc5 fxe5 26. fxe5 Qc7 27. Rc1 Qxe5 28.
Bg4 Qe3+ 0-1

[Event "4ème Open des Basses Vallées Angevines"]
[Site "Cantenay-Epinard"]
[Date "2015.12.19"]
[Round "2.5"]
[White "Le Pen, Steven"]
[Black "Adam, Flavia"]
[Result "1-0"]
[WhiteElo "1967"]
[BlackElo "1541"]
[PlyCount "39"]
[EventDate "2015.12.??"]
[EventRounds "5"]
[WhiteTeam "Club d'Echecs de la Bruffière"]
[BlackTeam "Club d'Echecs d'Avoine"]

1. e4 e5 2. Nf3 Nc6 3. Bb5 d6 4. d4 exd4 5. Nxd4 Bd7 6. Nc3 a6 7. Bxc6 bxc6 8.
b3 g6 9. Bb2 Nf6 10. Qd2 Bg7 11. O-O-O O-O 12. f4 c5 13. Nf3 Re8 14. e5 Ng4 15.
h3 Nh6 16. exd6 cxd6 17. Qxd6 Qa5 18. Ne5 Qb4 19. Nd5 Rxe5 20. Nxb4 1-0

[Event "4ème Open des Basses Vallées Angevines"]
[Site "Cantenay-Epinard"]
[Date "2015.12.19"]
[Round "2.7"]
[White "Vernerey, Laurent"]
[Black "Lucazeau, Alain"]
[Result "1-0"]
[WhiteElo "1909"]
[BlackElo "1508"]
[PlyCount "41"]
[EventDate "2015.12.??"]
[EventRounds "5"]
[WhiteTeam "L'Echiquier Angevin"]
[BlackTeam "La Tour Mayennaise"]

1. e4 e5 2. Nf3 Nc6 3. Bb5 d6 4. c3 Bd7 5. O-O Be7 6. d4 exd4 7. cxd4 a6 8. Ba4
Nf6 9. Qe2 O-O 10. Rd1 b5 11. Bb3 a5 12. e5 dxe5 13. dxe5 Qc8 14. exf6 Bxf6 15.
Nc3 Re8 16. Qd3 Ne5 17. Nxe5 Rxe5 18. Bf4 Bf5 19. Qg3 Rc5 20. Nd5 Ra6 21. Be5
1-0

[Event "4ème Open des Basses Vallées Angevines"]
[Site "Cantenay-Epinard"]
[Date "2015.12.19"]
[Round "2.8"]
[White "Pineau, Mickael"]
[Black "Deportes, Anouk"]
[Result "1/2-1/2"]
[WhiteElo "1694"]
[BlackElo "1565"]
[PlyCount "89"]
[EventDate "2015.12.??"]
[EventRounds "5"]
[WhiteTeam "Club d'Echecs de la Bruffière"]
[BlackTeam "L'Echiquier Angevin"]

1. Nf3 Nf6 2. g3 d5 3. d3 c5 4. Bg2 Bf5 5. O-O e6 6. Nh4 Bg4 7. c4 Qb6 8. Nc3
dxc4 9. Qa4+ Nbd7 10. Qxc4 Be7 11. e4 e5 12. Nf5 Bxf5 13. exf5 O-O 14. Na4 Qc7
15. b4 b5 16. Qxb5 Rab8 17. Qa5 Qxa5 18. bxa5 Rb4 19. Nc3 Rfb8 20. Ba3 Rd4 21.
Rfd1 Bd8 22. Ne4 Nxe4 23. Bxe4 Bxa5 24. Bc6 Bb6 25. Bb2 Rd6 26. Ba4 f6 27. Bb3+
Kf8 28. Bc4 Rd8 29. Re1 Nb8 30. Re4 Nc6 31. f4 exf4 32. Rxf4 Nb4 33. Rh4 h6 34.
Be6 c4+ 35. Kf1 c3 36. Bxc3 Nxd3 37. Ke2 Bc5 38. Rb1 Rb6 39. Rxb6 axb6 40. Bd2
Ne5 41. Ra4 Nc6 42. Rh4 Nd4+ 43. Rxd4 Rxd4 44. Bf4 Ke7 45. Kf3 1/2-1/2

[Event "4ème Open des Basses Vallées Angevines"]
[Site "Cantenay-Epinard"]
[Date "2015.12.19"]
[Round "2.9"]
[White "Potiron, Nathan"]
[Black "Prot, Ludovic"]
[Result "0-1"]
[WhiteElo "1388"]
[BlackElo "1750"]
[PlyCount "78"]
[EventDate "2015.12.??"]
[EventRounds "5"]
[WhiteTeam "Club d'Echecs de la Bruffière"]
[BlackTeam "Aytré - La Rochelle Echecs"]

1. d4 Nf6 2. Nf3 g6 3. g3 Bg7 4. Bg2 d5 5. O-O c5 6. Nbd2 O-O 7. c4 cxd4 8.
Nxd4 e5 9. N4b3 Nc6 10. cxd5 Nxd5 11. Nc4 Be6 12. Nc5 Qe7 13. Nxe6 fxe6 14. e4
Nf6 15. Be3 Rad8 16. Qb3 Nd4 17. Bxd4 exd4 18. Rfd1 Kh8 19. e5 Ng4 20. f4 Qc5
21. Rd3 Ne3 22. Nxe3 dxe3 23. Rxe3 Rd2 24. Rae1 Rfd8 25. Kh1 Qd4 26. Qxe6 Qxb2
27. Qh3 Rc2 28. Be4 Rc1 29. Qf1 Rxe1 30. Qxe1 Rd2 31. Qg1 Bf8 32. Rd3 Rxd3 33.
Bxd3 Qc3 34. Be4 Bc5 35. Qd1 Bd4 36. e6 Kg7 37. Bxb7 Kf6 38. Bd5 Qc5 39. Bb3
Qc6+ 0-1

[Event "4ème Open des Basses Vallées Angevines"]
[Site "Cantenay-Epinard"]
[Date "2015.12.19"]
[Round "2.10"]
[White "Aumont, Tom"]
[Black "Andre, Victoria"]
[Result "1/2-1/2"]
[WhiteElo "1713"]
[BlackElo "1380"]
[PlyCount "120"]
[EventDate "2015.12.??"]
[EventRounds "5"]
[WhiteTeam "La Cavale du Fou"]
[BlackTeam "Chevau-légers de la Choisille"]

1. f4 d6 2. Nf3 Nf6 3. g3 Nc6 4. Bg2 g6 5. O-O Bg7 6. d3 O-O 7. e4 e6 8. Nc3 d5
9. h3 Ne7 10. Be3 b6 11. e5 Nd7 12. d4 c5 13. g4 Nc6 14. Nb5 cxd4 15. Nfxd4
Nxd4 16. Bxd4 Ba6 17. a4 Bxb5 18. axb5 Nc5 19. b4 Nd7 20. c4 dxc4 21. Bxa8 Qxa8
22. Qe2 Qd5 23. Bc3 Qxb5 24. Rxa7 Nb8 25. Qe4 Nc6 26. Rc7 Nxb4 27. Qxc4 Qxc4
28. Rxc4 Nd5 29. Bd4 b5 30. Rc2 Rb8 31. Kh2 b4 32. Kg3 Bf8 33. Rfc1 b3 34. Rf2
Ba3 35. Rb1 Rb4 36. Bc5 Nc3 37. Bxb4 Nxb1 38. Bxa3 Nxa3 39. Rb2 Nc2 40. Rxb3
Nd4 41. Rb7 Kf8 42. h4 Kg7 43. h5 gxh5 44. gxh5 h6 45. Kg4 Kf8 46. Rb1 Kg7 47.
Rd1 Nf5 48. Kf3 Ne7 49. Ke4 Kf8 50. Kd4 Nf5+ 51. Kc5 Ng3 52. Kd6 Nxh5 53. f5
exf5 54. e6 fxe6 55. Kxe6 Ng7+ 56. Kf6 Ne8+ 57. Kxf5 Kg7 58. Rd7+ Kg8 59. Kg6
h5 60. Kxh5 Nf6+ 1/2-1/2

[Event "4ème Open des Basses Vallées Angevines"]
[Site "Cantenay-Epinard"]
[Date "2015.12.19"]
[Round "2.11"]
[White "Leblond, Georges"]
[Black "Caillot, Arnaud"]
[Result "1-0"]
[WhiteElo "1350"]
[BlackElo "1649"]
[PlyCount "78"]
[EventDate "2015.12.??"]
[EventRounds "5"]
[WhiteTeam "L'Echiquier Angevin"]
[BlackTeam "Olympic Club Montalbanais"]

1. d4 Nf6 2. Nc3 d5 3. Bg5 e6 4. a3 c5 5. Nf3 Nc6 6. e4 dxe4 7. Nxe4 cxd4 8.
Bd3 Be7 9. O-O O-O 10. Nxf6+ Bxf6 11. Bxf6 Qxf6 12. Nd2 e5 13. Ne4 Qe7 14. Ng3
g6 15. f4 exf4 16. Rxf4 f5 17. Qd2 g5 18. Rf3 f4 19. Ne2 Bg4 20. Bc4+ Kh8 21.
Nxd4 Bxf3 22. Nxf3 Qc5+ 23. Kh1 Qxc4 24. Nxg5 Rad8 25. Qf2 Qd5 26. Nf3 Rfe8 27.
c3 Qd3 28. h3 Qe2 29. Qh4 Qxb2 30. Qf6+ Kg8 31. Rg1 Qc2 32. Nh4 Qe4 33. Nf5
Qxf5 34. Qxf5 Rf8 35. Qb1 Rf7 36. Qb3 Kg7 37. Rd1 Re8 38. Qd5 Rd8 39. Qg5+ Kh8
1-0

[Event "4ème Open des Basses Vallées Angevines"]
[Site "Cantenay-Epinard"]
[Date "2015.12.19"]
[Round "2.12"]
[White "Kollar, Guillaume"]
[Black "Joyeux, Gerard"]
[Result "0-1"]
[WhiteElo "1333"]
[BlackElo "1621"]
[PlyCount "60"]
[EventDate "2015.12.??"]
[EventRounds "5"]
[WhiteTeam "Club d'Echecs de la Bruffière"]
[BlackTeam "Haute Bretagne Echecs"]

1. e4 c5 2. Nf3 a6 3. d4 cxd4 4. Nxd4 Nf6 5. Nc3 e5 6. Nf3 Bb4 7. Bd3 d5 8. O-O
Bxc3 9. bxc3 dxe4 10. Bc4 Qxd1 11. Rxd1 exf3 12. gxf3 Be6 13. Bd3 O-O 14. Bb2
Nc6 15. Re1 Nh5 16. Re4 Nf4 17. c4 Nxd3 18. cxd3 f6 19. Rd1 Bf5 20. Re3 Rad8
21. Ba3 Rfe8 22. Kg2 Be6 23. Rb1 Bc8 24. Bc5 Nd4 25. Bb6 Rd7 26. Rc1 Nf5 27.
Re4 Rxd3 28. c5 Nd4 29. f4 Bd7 30. Bc7 Bc6 0-1

[Event "4ème Open des Basses Vallées Angevines"]
[Site "Cantenay-Epinard"]
[Date "2015.12.19"]
[Round "2.13"]
[White "Delafenetre, Alexandre"]
[Black "Sureau, Corentin"]
[Result "1-0"]
[WhiteElo "1604"]
[BlackElo "1340"]
[PlyCount "83"]
[EventDate "2015.12.??"]
[EventRounds "5"]
[WhiteTeam "Echiquier Bleu Roi"]
[BlackTeam "La Cavale du Fou"]

1. d4 d5 2. Nf3 Nc6 3. e3 Bf5 4. c4 Nb4 5. Qa4+ Nc6 6. Qb3 e6 7. Qxb7 Nge7 8.
a3 Rb8 9. Qa6 g6 10. Nc3 Bg7 11. cxd5 exd5 12. Bb5 Rb6 13. Qxa7 Bd3 14. Qa4
Bxb5 15. Nxb5 O-O 16. O-O Qd7 17. Nc3 Rfb8 18. b4 Qf5 19. Bb2 R8b7 20. Rac1
Nxb4 21. axb4 Rxb4 22. Qa3 Rxb2 23. Qxe7 Bf8 24. Qe5 Qd3 25. Qxd5 R7b3 26. Ne5
Qf5 27. Nc4 Qxd5 28. Nxd5 Ra2 29. Nxc7 Ra7 30. Nd5 Rd7 31. Nf6+ Kg7 32. Nxd7
Rb7 33. Nxf8 Kxf8 34. h3 f6 35. Nd6 Rd7 36. Rc8+ Ke7 37. Ne4 f5 38. Rh8 fxe4
39. Rxh7+ Ke6 40. Rxd7 Kxd7 41. Rc1 Kd6 42. Rc5 1-0

[Event "4ème Open des Basses Vallées Angevines"]
[Site "Cantenay-Epinard"]
[Date "2015.12.19"]
[Round "2.14"]
[White "Pionnier, Axel"]
[Black "Gentilhomme, Loic"]
[Result "0-1"]
[WhiteElo "1329"]
[BlackElo "1588"]
[PlyCount "94"]
[EventDate "2015.12.??"]
[EventRounds "5"]
[WhiteTeam "Club d'Echecs d'Avoine"]
[BlackTeam "Fillé sur Sarthe"]

1. e4 c5 2. Nf3 Nc6 3. d4 cxd4 4. Nxd4 e5 5. Nf3 Nf6 6. Nc3 Bb4 7. Bd3 O-O 8.
Bg5 h6 9. Bh4 g5 10. Bg3 d6 11. h3 Be6 12. O-O Qd7 13. Qd2 Nh7 14. Rad1 Rad8
15. a3 Bc5 16. Rfe1 Bxh3 17. gxh3 Qxh3 18. Qe2 Qxg3+ 19. Kf1 Qh3+ 20. Kg1 Nf6
21. Nh2 Qg3+ 22. Kh1 Qh4 23. Rf1 Nd4 24. Qe3 Ng4 25. Qg3 Qxg3 26. fxg3 Ne3 27.
Rc1 Nxf1 28. Rxf1 h5 29. g4 h4 30. Nf3 Nxf3 31. Rxf3 Kg7 32. Nd5 f6 33. Rf5 Rd7
34. Kg2 a6 35. Kf3 b5 36. Ke2 Rb7 37. b4 Ba7 38. Kf3 Kg6 39. Kg2 Rh7 40. Kh3
Rhf7 41. Kg2 Rc8 42. Kh2 Bd4 43. Kg2 Bb2 44. Kh2 Bxa3 45. Kg2 Bc1 46. Kh2 Bd2
47. Kh3 a5 0-1

[Event "4ème Open des Basses Vallées Angevines"]
[Site "Cantenay-Epinard"]
[Date "2015.12.19"]
[Round "2.15"]
[White "Potiron, Nicolas"]
[Black "Bobard, Antonin"]
[Result "1-0"]
[WhiteElo "1577"]
[BlackElo "1326"]
[PlyCount "119"]
[EventDate "2015.12.??"]
[EventRounds "5"]
[WhiteTeam "Club d'Echecs de la Bruffière"]
[BlackTeam "La Cavale du Fou"]

1. d4 Nf6 2. c4 g6 3. Nc3 Bg7 4. e4 d6 5. Be2 O-O 6. Be3 Nbd7 7. Nf3 e5 8. d5
a5 9. Qd2 Nc5 10. Bxc5 dxc5 11. O-O Re8 12. Rad1 Bd7 13. Ne1 Qe7 14. d6 cxd6
15. Qxd6 Qxd6 16. Rxd6 Bc6 17. f3 Rad8 18. Rxd8 Rxd8 19. Nd3 Nd7 20. Rd1 Bh6
21. Nxe5 Be3+ 22. Kf1 Bd4 23. Nxc6 bxc6 24. Na4 f6 25. Rd3 Rb8 26. b3 Ne5 27.
Rd1 g5 28. g3 Kf7 29. f4 gxf4 30. gxf4 Ng6 31. Bh5 Ke7 32. Bxg6 hxg6 33. Rd3
Rh8 34. Kg2 Rh4 35. Kg3 Rh5 36. h3 Ke6 37. Nc3 Rh8 38. Ne2 Rd8 39. Kg4 f5+ 40.
exf5+ gxf5+ 41. Kf3 Rh8 42. Kg2 Rg8+ 43. Rg3 Re8 44. Rg6+ Kd7 45. Kf1 Rh8 46.
Rg3 Rh4 47. Rd3 Ke6 48. Nxd4+ cxd4 49. Rxd4 Rxh3 50. Kg2 Rc3 51. Kf1 Rc2 52. c5
Rxc5 53. Ra4 Rb5 54. Kg2 Rd5 55. Kf3 Rb5 56. Ke3 Rd5 57. Rd4 Rb5 58. Kd3 Rb4
59. Rxb4 axb4 60. Kc4 1-0

[Event "4ème Open des Basses Vallées Angevines"]
[Site "Cantenay-Epinard"]
[Date "2015.12.19"]
[Round "2.16"]
[White "Garcion, Ilan"]
[Black "Delafenetre, Franck"]
[Result "0-1"]
[WhiteElo "1310"]
[BlackElo "1576"]
[PlyCount "118"]
[EventDate "2015.12.??"]
[EventRounds "5"]
[WhiteTeam "L'Echiquier Angevin"]
[BlackTeam "Echiquier Bleu Roi"]

1. d4 d5 2. c4 c6 3. Nc3 Nf6 4. Nf3 e6 5. Bg5 Be7 6. e3 Nbd7 7. Bd3 O-O 8. O-O
h6 9. Bf4 Nh5 10. Bxh6 gxh6 11. Ne5 Nxe5 12. dxe5 Ng7 13. Ne2 dxc4 14. Bxc4
Qxd1 15. Rfxd1 b5 16. Bb3 a5 17. Rac1 a4 18. Bc2 Rd8 19. Rxd8+ Bxd8 20. Be4 Bb7
21. Nd4 Rc8 22. Nxc6 Bxc6 23. Rxc6 Rxc6 24. Bxc6 Bc7 25. Bxb5 Bxe5 26. Bxa4
Bxb2 27. Kf1 Nf5 28. Ke2 Nd6 29. Kd3 f6 30. Bb3 Kf7 31. a4 Nb7 32. Kc4 Ke7 33.
Kb5 Bc3 34. Kb6 Na5 35. Bc2 Kd6 36. e4 e5 37. g3 Nc6 38. Bb3 Bd4+ 39. Kb7 Na5+
40. Ka6 Nxb3 41. a5 Kc6 42. f3 Bc3 43. h4 Nd2 44. Ka7 Bxa5 45. h5 Nxf3 46. g4
Nd2 47. g5 fxg5 48. Ka6 Bc3 49. Ka7 g4 50. Kb8 g3 51. Kc8 g2 52. Kd8 g1=Q 53.
Ke7 Qg5+ 54. Ke6 Nxe4 55. Kf7 Qf6+ 56. Kg8 Qe7 57. Kh8 Ng5 58. Kg8 Qf7+ 59. Kh8
Qh7# 0-1

[Event "4ème Open des Basses Vallées Angevines"]
[Site "Cantenay-Epinard"]
[Date "2015.12.19"]
[Round "2.18"]
[White "Garcion, Emmanuel"]
[Black "Bremaud, Louis"]
[Result "1-0"]
[WhiteElo "1550"]
[BlackElo "1299"]
[PlyCount "87"]
[EventDate "2015.12.??"]
[EventRounds "5"]
[WhiteTeam "L'Echiquier Angevin"]
[BlackTeam "L'Echiquier Angevin"]

1. e4 e5 2. Nf3 d6 3. Nc3 g6 4. d4 Nc6 5. Bb5 Nge7 6. dxe5 a6 7. Bxc6+ Nxc6 8.
exd6 Bxd6 9. Bg5 Be7 10. Qxd8+ Bxd8 11. Bxd8 Nxd8 12. Nd5 Ne6 13. O-O-O O-O 14.
Ne7+ Kg7 15. Nxc8 Raxc8 16. Nd4 Nc5 17. e5 Rfe8 18. f4 h6 19. Nf3 Ne6 20. g3 h5
21. Rhe1 a5 22. Nd4 c6 23. Nxe6+ Rxe6 24. Rd7 b5 25. Red1 Ree8 26. Ra7 a4 27.
Rdd7 Rf8 28. e6 Kf6 29. exf7 Rcd8 30. Rxd8 Rxd8 31. Rc7 Kg7 32. Rxc6 Kxf7 33.
a3 Rd5 34. b3 Rd4 35. Rc5 b4 36. axb4 axb3 37. c3 Re4 38. Kb2 Re2+ 39. Kxb3
Rxh2 40. b5 Rg2 41. b6 Rxg3 42. b7 Rg1 43. Kc4 Rb1 44. Rb5 1-0

[Event "4ème Open des Basses Vallées Angevines"]
[Site "Cantenay-Epinard"]
[Date "2015.12.19"]
[Round "2.19"]
[White "Darniere, Simon"]
[Black "Pionnier, Camille"]
[Result "0-1"]
[WhiteElo "1199"]
[BlackElo "1547"]
[PlyCount "72"]
[EventDate "2015.12.??"]
[EventRounds "5"]
[WhiteTeam "L'Echiquier Angevin"]
[BlackTeam "Club d'Echecs d'Avoine"]

1. e4 c5 2. Nf3 d6 3. Nc3 Nf6 4. Bc4 g6 5. d3 Bg7 6. O-O O-O 7. Bf4 Nc6 8. Qc1
Bg4 9. Qe3 Nh5 10. Nd5 Bxf3 11. Qxf3 Nxf4 12. Qxf4 Bxb2 13. Rab1 Be5 14. Qd2 b6
15. Nc3 a6 16. Bd5 Qc7 17. Na4 b5 18. Nc3 Ra7 19. g3 Nd4 20. Kg2 Rb8 21. f4 Bg7
22. a3 e6 23. Ba2 a5 24. Ne2 Nxe2 25. Qxe2 a4 26. f5 exf5 27. exf5 Qc6+ 28. Kg1
Bd4+ 29. Rf2 Re8 30. Qd2 Rae7 31. h4 Re2 32. Qf4 Rxf2 33. Bxf7+ Kh8 34. Qxf2
Re2 35. Qxd4+ cxd4 36. Kf1 Qg2# 0-1

[Event "4ème Open des Basses Vallées Angevines"]
[Site "Cantenay-Epinard"]
[Date "2015.12.19"]
[Round "2.20"]
[White "Andre, Emmanuel"]
[Black "Legendre, Aurelien"]
[Result "1-0"]
[WhiteElo "1538"]
[BlackElo "1241"]
[PlyCount "69"]
[EventDate "2015.12.??"]
[EventRounds "5"]
[WhiteTeam "Chevau-légers de la Choisille"]
[BlackTeam "Le Club d'Echecs des Basses Vallées Angevines"]

1. d4 d5 2. Nf3 e6 3. Bf4 Nc6 4. h3 Nf6 5. e3 Bd6 6. Ne5 Bd7 7. Nxf7 Kxf7 8.
Bg5 h6 9. Bh4 Rf8 10. c3 Kg8 11. Nd2 e5 12. Be2 exd4 13. exd4 Qe7 14. O-O Rae8
15. Bf3 g5 16. Bg3 Ne4 17. Re1 Bxg3 18. fxg3 Qf6 19. g4 Nxd2 20. Qxd2 Ne7 21.
Rf1 c6 22. Bxd5+ Nxd5 23. Rxf6 Rxf6 24. c4 Ne3 25. d5 Nxc4 26. Qd4 Rf4 27. Qxa7
Bxg4 28. hxg4 Rxg4 29. Qf2 Ne3 30. Re1 Rge4 31. dxc6 bxc6 32. Qf6 Ng4 33. Qg6+
Kf8 34. Rxe4 Rxe4 35. Qxe4 1-0

[Event "4ème Open des Basses Vallées Angevines"]
[Site "Cantenay-Epinard"]
[Date "2015.12.19"]
[Round "2.21"]
[White "Salmon, Vivien"]
[Black "Tricarico, Pasquale"]
[Result "0-1"]
[WhiteElo "1060"]
[BlackElo "1399"]
[PlyCount "76"]
[EventDate "2015.12.??"]
[EventRounds "5"]
[WhiteTeam "La Cavale du Fou"]
[BlackTeam "L'Echiquier Angevin"]

1. e4 e6 2. Nf3 d5 3. exd5 exd5 4. d4 Nf6 5. Bf4 Bg4 6. Nc3 c6 7. Be2 Bd6 8.
Ne5 Bf5 9. g3 O-O 10. g4 Bg6 11. g5 Ne4 12. Bh5 Bb4 13. Bxg6 fxg6 14. Qf3 Nd7
15. O-O-O Bxc3 16. bxc3 Nxe5 17. dxe5 Qa5 18. Rd3 Qxa2 19. Kd1 Qb1+ 20. Ke2
Qxc2+ 21. Ke1 Rxf4 22. Qxf4 Qxd3 23. f3 Qb1+ 24. Ke2 Qxh1 25. fxe4 Qxe4+ 26.
Qxe4 dxe4 27. Ke3 Kf7 28. Kxe4 Ke6 29. h4 a5 30. h5 gxh5 31. g6 hxg6 32. c4 g5
33. c5 a4 34. Kf3 a3 35. Kg3 a2 36. Kg2 a1=Q 37. Kf2 Qb2+ 38. Kg3 Ra3# 0-1

[Event "4ème Open des Basses Vallées Angevines"]
[Site "Cantenay-Epinard"]
[Date "2015.12.19"]
[Round "2.22"]
[White "Voisine, Mathieu"]
[Black "Gascoin, Dominique"]
[Result "0-1"]
[WhiteElo "1148"]
[BlackElo "1370"]
[PlyCount "116"]
[EventDate "2015.12.??"]
[EventRounds "5"]
[WhiteTeam "La Cavale du Fou"]
[BlackTeam "L'Echiquier Angevin"]

1. e4 c5 2. c4 Nc6 3. Nf3 d6 4. d3 g6 5. Be2 Bg7 6. Nc3 Nf6 7. Rb1 O-O 8. O-O
b6 9. a3 Bb7 10. b4 Qc7 11. Bf4 Nh5 12. Be3 Bxc3 13. d4 cxd4 14. Nxd4 Nf6 15.
Qd3 Bxd4 16. Bxd4 Nxd4 17. Qxd4 Nxe4 18. Bf3 Ng5 19. Bxb7 Qxb7 20. Rfe1 Ne6 21.
Qd5 Rab8 22. Qb5 Rfc8 23. a4 a6 24. Qd5 b5 25. axb5 axb5 26. Qxb7 Rxb7 27. cxb5
Rxb5 28. f3 Rc4 29. Re4 Rxe4 30. fxe4 Ng5 31. e5 dxe5 32. Kf2 Ne6 33. Ke3 Nf4
34. Ke4 f5+ 35. Ke3 Nxg2+ 36. Kd3 Nf4+ 37. Kc4 Rb8 38. Re1 e4 39. Re3 e5 40. b5
Ne6 41. Rb3 Nd4 42. Rb2 Nxb5 43. Rxb5 Rxb5 44. Kxb5 Kf7 45. Kc4 Ke6 46. Kc3 Kd5
47. Kd2 Kd4 48. Ke2 g5 49. h3 h5 50. Kf2 Kd3 51. Ke1 Ke3 52. Kf1 Kd2 53. Kf2
e3+ 54. Kf3 e2 55. h4 g4+ 56. Kg3 e1=Q+ 57. Kh2 g3+ 58. Kg2 Qf2+ 0-1